000 00318nam a22001457a 4500
003 SGT
020 _a9788131518427
082 _a658.89
_bROS
100 _aROSENBLOOM, BERT
245 _aMARKETING CHANNELS A MANAGEMENT VIEW
250 _a8TH
260 _bCENGAGE LEARNING
_c2015
300 _a660
942 _2ddc
_cBK
999 _c16357
_d16357